000 00463nam a22001817a 4500
003 LK-CoDNM
005 20250102103941.0
008 241220b |||||||| |||| 00| 0 eng d
040 _aLK-CoDNM
_dLK-CoDNM
_eLK-CoDNM
041 _aeng
080 _a3
_bP14
100 _aDEJEAN,COMET
245 _aSPECIES GENERAL DES COLEOPTERES DE LA COLLECTION
_bTOME SECOND
260 _aParis
_c1826
300 _axxx, 495P. : 24 cm
650 _ascience
942 _cBK
999 _c234535
_d234535